000 00364nam a2200145Ia 4500
003 OSt
005 20240309150456.0
008 170523s9999 xx 000 0 und d
020 _a9788126554232
040 _cIIMT UNIVERSITY MEERUT
100 _aKreyezig- E.
245 0 _aAdvanced Engineering Mathematics
260 _aNew Delhi : Wiley India
942 _2ddc
_c02
999 _c11654
_d11654